David, pecador y creyente /

-д хадгалсан:
Номзүйн дэлгэрэнгүй
Үндсэн зохиолч: Martini, Carlo Maria (autor)
Бусад зохиолчид: Beltrán, Justiniano (traducción) (traducción)
Формат: Ном
Хэл сонгох:испани
Хэвлэсэн: Bogotá, Colombia : Ediciones Paulinas, 1990, c1990
Шошгууд: Шошго нэмэх
Шошго байхгүй, Энэхүү баримтыг шошголох эхний хүн болох!

MARC

LEADER 00000nam^a2200000^a^4500
001 000560858
005 20250521000000.0
009 20260310131911.942
020 |a 958-607-519-2 
037 |a Acervo ITESO - Biblioteca 
041 |a ESP 
091 |a FGM. 01320 
100 |a Martini, Carlo Maria  |e (autor) 
245 1 0 |a David, pecador y creyente / 
264 4 |a Bogotá, Colombia :  |b Ediciones Paulinas,  |c 1990, c1990 
300 |a 260 p. 
336 |a texto  |b txt  |2 rdacontenido 
337 |a sin mediación  |b n  |2 rdamedio 
338 |a volumen  |b nc  |2 rdasoporte 
649 |a XX 
700 |a Beltrán, Justiniano  |e (traducción) 
910 |a Fondo Efraín González Morfín 
920 |a Impresos - Libros 
930 |a Fondos Especiales 
905 |a 130 
901 |a 0500385941  |b IT2  |c ESL  |i D90409  |u 20250521 
902 |a https://opac.biblio.iteso.mx/vufind/Record/000560858